000 00334 a2200157 4500
001 184441
020 _a85-88017-06-7
040 _cMagnum
100 _aAquino, Eduardo
240 1 0 _aTião vermelhão
_lpor
245 1 0 _aTião vermelhão
300 _a72
362 0 _a2000
697 _aLITERATURA INFANTO-JUVENIL
942 _cBK
999 _c184441
_d184441